LEADER 01062nam a22002531i 4500 001 991003130009707536 005 20030901152758.0 008 030925s1950 it |||||||||||||||||ita 035 $ab12383946-39ule_inst 035 $aARCHE-043147$9ExL 040 $aBiblioteca Interfacoltà$bita$cA.t.i. Arché s.c.r.l. Pandora Sicilia s.r.l. 082 04$a195 100 1 $aFrattini, Alberto$d<1922- >$0191126 245 13$aIl problema dell'esistenza in Leopardi :$bencomiato nel concorso Nazionale Gastaldi 1949 per la saggistica 260 $aMilano ;$aRoma :$bM. Gastaldi,$c[1950?] 300 $a83 p. ;$c16 cm 650 4$aLeopardi, Giacomo$xProblema dell'esistenza 650 4$aLeopardi, Giacomo$xPensiero filosofico 907 $a.b12383946$b02-04-14$c08-10-03 912 $a991003130009707536 945 $aLE002 Busta B 71/1 (Fondo Ferretti)$g1$i2002000234612$lle002$o-$pE0.00$q-$rn$so $t0$u0$v0$w0$x0$y.i12790710$z08-10-03 996 $aProblema dell'esistenza in Leopardi$9169240 997 $aUNISALENTO 998 $ale002$b08-10-03$cm$da $e-$fita$git $h3$i1 LEADER 01295nas 2200421 c 450 001 9910892116503321 005 20260218110256.0 035 $a(DE-599)ZDB3011702-1 035 $a(OCoLC)1368563256 035 $a(DE-101)1206593601 035 $a(CKB)5450000000019854 035 $a(DE-599)3011702-1 035 $a(EXLCZ)995450000000019854 100 $a20200317a20199999 |y | 101 0 $amay 135 $aur||||||||||| 181 $ctxt$2rdacontent 182 $cc$2rdamedia 183 $acr$2rdacarrier 200 00$aStatistik ekonomi tahunan$eMalaysia = Annual economic statistics$h[...]$iPerkhidmatan maklumat dan komunikasi = Information and communication services$fJabatan Perangkaan Malaysia 210 31$aPutrajaya, Malaysia$cJapan Perangkaan Malaysia$d[Februari 2019?]- 215 $aOnline-Ressource 300 $aGesehen am 02.04.20 311 08$a2672-7048 517 1 $aAnnual economic statistics 608 $aZeitschrift$2gnd-content 608 $aStatistik$2gnd-content 676 $a004 676 $a310 676 $a620 712 02$aMalaysia$bJabatan Perangkaan$4isb 801 0$b0206 801 1$bDE-101 801 2$b9999 906 $aJOURNAL 912 $a9910892116503321 996 $aStatistik ekonomi tahunan$94244562 997 $aUNINA